00275nam a2200109Ia 4500008004100000041000800041100001600049245002500065260003500090300000900125700003100134250110s9999 xx 000 0 und d aeng aPatil Pooja aCultural Centre Pune bFinal Year B. Arch, BNCAc2014 a130p aGuide Name:Gokhale Vasudha